| 000 | 00581nam a2200193 a 4500 | ||
|---|---|---|---|
| 005 | 20250606063821.0 | ||
| 008 | 991125s1993 mx 000 0 spa u | ||
| 035 | _aUPN01000007159 | ||
| 049 | _aCG | ||
| 050 | 4 | _aLE7.1731 B199 | |
| 245 | 0 | 0 |
_aCatálogo de servicios / _cUniversidad Autónoma de Baja California |
| 260 |
_aMexicali : _bUABC, _c1993 |
||
| 300 |
_a123 p. : _bil. |
||
| 500 | _aDatos tomados de la cubierta | ||
| 650 | 4 |
_aEducación _xServicios de información _918126 |
|
| 710 | 2 | _aUniversidad Autónoma de Baja California | |
| 904 |
_aAC _b007159 |
||
| 905 | _aLibro | ||
| 999 |
_c7159 _d7159 |
||